[Event "Landesklasse West 2011/2012"]
[Site "?"]
[Date "2011.09.18"]
[Round "1"]
[White "Klingler, Lutz"]
[Black "Mehlhorn, Uwe"]
[Result "0-1"]
[WhiteElo "1951"]
[BlackElo "2042"]
[PlyCount "56"]
[EventDate "2011.??.??"]
[WhiteTeam "SV Schmalkalden 04"]
[BlackTeam "Ilmenauer SV"]

1. f4 b5 2. e4 Bb7 3. d3 e6 4. Nf3 c5 5. c3 Nf6 6. Be2 Qb6 7. Be3 a5 8. Nfd2 d5
9. Qc2 Nc6 10. O-O Be7 11. a4 b4 12. Re1 Rc8 13. Bf3 Qc7 14. exd5 exd5 15. Bxc5
O-O 16. Bxe7 Nxe7 17. g3 Nf5 18. Qd1 Rfe8 19. Nf1 Ba6 20. Nbd2 bxc3 21. bxc3
Qxc3 22. Qb3 Qd4+ 23. Kg2 Bxd3 24. Qb7 Ne4 25. Bxe4 dxe4 26. Rac1 Rb8 27. Qc7
e3 28. Nf3 Be4 0-1

[Event "Landesklasse West 2011/2012"]
[Site "?"]
[Date "2011.09.18"]
[Round "1"]
[White "Töpfer, Albrecht"]
[Black "Bamberg, Alexander"]
[Result "1-0"]
[WhiteElo "1838"]
[BlackElo "1847"]
[PlyCount "149"]
[EventDate "2011.??.??"]
[WhiteTeam "Ilmenauer SV"]
[BlackTeam "SV Schmalkalden 04"]

1. c4 e5 2. Nc3 Nf6 3. g3 c6 4. Nf3 d6 5. d4 e4 6. Ng5 d5 7. Bg2 h6 8. Nh3 Bf5
9. cxd5 cxd5 10. Qb3 Qd7 11. Nf4 Be6 12. O-O Nc6 13. Be3 Be7 14. f3 exf3 15.
exf3 O-O 16. Rfe1 Rfd8 17. Nxe6 fxe6 18. Bh3 Re8 19. Bf2 Bf8 20. Re2 Re7 21.
Rae1 Rae8 22. Qc2 Kf7 23. a3 g5 24. b4 Bg7 25. Na4 b6 26. Rc1 Nd8 27. Nb2 Qd6
28. Nd3 Ng8 29. Bg4 Nf6 30. Ne5+ Kg8 31. Bh3 Nd7 32. Ng6 Rf7 33. Kg2 Bf6 34.
Bg4 Rg7 35. Bh5 Nf7 36. Qc7 a5 37. Qxd6 Nxd6 38. Rc6 Nc4 39. Rcxe6 Rxe6 40.
Rxe6 Kh7 41. Nf8+ Nxf8 42. Rxf6 Nd7 43. Rf5 Nxa3 44. bxa5 bxa5 45. Rxd5 Nf6 46.
Rxa5 Nc4 47. Rc5 Na3 48. g4 Rd7 49. Kg3 Kg7 50. h4 Nxh5+ 51. gxh5 gxh4+ 52.
Kxh4 Rb7 53. Rc6 Nb5 54. Rg6+ Kh7 55. Be3 Rd7 56. Rxh6+ Kg7 57. Rg6+ Kf7 58.
Rg4 Nd6 59. Rg5 Nc4 60. Bf2 Rd6 61. Kg4 Re6 62. Rc5 Nd6 63. Rc7+ Kg8 64. Bg3
Nf7 65. d5 Ra6 66. Bf4 Rb6 67. Rc6 Rb4 68. Kf5 Rb3 69. Kg4 Rb4 70. Re6 Rd4 71.
d6 Rd5 72. h6 Kh7 73. Re7 Kg6 74. h7 Rh5 75. Rxf7 1-0

[Event "Landesklasse West 2011/2012"]
[Site "?"]
[Date "2011.09.18"]
[Round "1"]
[White "Lesser, Thomas"]
[Black "Ortlepp, Steffen"]
[Result "0-1"]
[WhiteElo "1856"]
[BlackElo "1826"]
[PlyCount "50"]
[EventDate "2011.??.??"]
[WhiteTeam "SV Schmalkalden 04"]
[BlackTeam "Ilmenauer SV"]

1. e4 c5 2. c3 Nf6 3. e5 Nd5 4. d4 cxd4 5. Nf3 e6 6. cxd4 d6 7. Bd3 Nb4 8. Be2
dxe5 9. Nxe5 Qxd4 10. Nd3 Nxd3+ 11. Bxd3 Bb4+ 12. Kf1 Nc6 13. Nc3 Bxc3 14. bxc3
Qxc3 15. Rb1 O-O 16. Bb2 Qa5 17. Qg4 e5 18. Qe4 g6 19. g4 Be6 20. Rg1 Rad8 21.
h4 Qxa2 22. Be2 Rd2 23. h5 Rxb2 24. Rxb2 Qxb2 25. hxg6 fxg6 0-1

[Event "Landesklasse West 2011/2012"]
[Site "?"]
[Date "2011.09.18"]
[Round "1"]
[White "Sukaylo, Aleksey"]
[Black "Klein, Matthias"]
[Result "1-0"]
[WhiteElo "1841"]
[BlackElo "1788"]
[PlyCount "103"]
[EventDate "2011.??.??"]
[WhiteTeam "Ilmenauer SV"]
[BlackTeam "SV Schmalkalden 04"]

1. e4 g6 2. d4 Bg7 3. Nc3 c6 4. f4 d5 5. e5 h5 6. Nf3 Nh6 7. Be3 Bg4 8. Bd3 Nf5
9. Bf2 e6 10. h3 Bxf3 11. Qxf3 h4 12. O-O-O Bf8 13. Ne2 Nd7 14. g4 hxg3 15.
Nxg3 Nxg3 16. Qxg3 Qa5 17. Kb1 O-O-O 18. c3 Be7 19. Qg4 Rdg8 20. Rdg1 Qd8 21.
h4 Rh5 22. Rh3 Rgh8 23. Rgh1 Kb8 24. Be2 c5 25. Qg1 R5h7 26. dxc5 g5 27. c6
bxc6 28. Bxa7+ Ka8 29. c4 Rxh4 30. Rxh4 Rxh4 31. Rxh4 gxh4 32. cxd5 cxd5 33.
Bb5 Qc7 34. Bf2 Bc5 35. Bxd7 Bxf2 36. Qxf2 Qxd7 37. Qxh4 Qa4 38. a3 Qe4+ 39.
Ka1 d4 40. Qd8+ Ka7 41. Qd7+ Ka8 42. Qe8+ Ka7 43. Qxf7+ Ka8 44. Qxe6 Qxf4 45.
Qc8+ Ka7 46. e6 Qf1+ 47. Ka2 d3 48. Qc7+ Ka6 49. Qc4+ Ka7 50. e7 Qe2 51. Qc7+
Ka6 52. Qc6+ 1-0

[Event "Landesklasse West 2011/2012"]
[Site "?"]
[Date "2011.09.18"]
[Round "1"]
[White "Leuner, Klaus"]
[Black "Burkhardt, Christian"]
[Result "1/2-1/2"]
[WhiteElo "1860"]
[BlackElo "1683"]
[PlyCount "34"]
[EventDate "2011.??.??"]
[WhiteTeam "Ilmenauer SV"]
[BlackTeam "SV Schmalkalden 04"]

1. d4 d5 2. c4 e6 3. Nc3 Nf6 4. Bg5 Be7 5. e3 O-O 6. Nf3 Nbd7 7. a3 c6 8. c5 h6
9. Bf4 Nh5 10. Bd3 Nxf4 11. exf4 b6 12. b4 bxc5 13. bxc5 Qa5 14. Qc2 Bf6 15.
Ne5 Nxe5 16. fxe5 Be7 17. O-O Ba6 1/2-1/2

[Event "Landesklasse West 2011/2012"]
[Site "?"]
[Date "2011.09.18"]
[Round "1"]
[White "Weigend, Joachim"]
[Black "Schenk, Stefan"]
[Result "0-1"]
[WhiteElo "1827"]
[BlackElo "1811"]
[PlyCount "130"]
[EventDate "2011.??.??"]
[WhiteTeam "SV Schmalkalden 04"]
[BlackTeam "Ilmenauer SV"]

1. c4 e6 2. d4 f5 3. g3 Nf6 4. Bg2 d5 5. Nc3 c6 6. Nf3 Bd6 7. O-O O-O 8. Bg5 h6
9. Bxf6 Qxf6 10. Rc1 Nd7 11. b3 Qe7 12. e3 Nf6 13. Nh4 Kh7 14. f4 Bd7 15. Nf3
Be8 16. Ne5 Bh5 17. Qd3 Bxe5 18. dxe5 Nd7 19. cxd5 exd5 20. Ne2 Nc5 21. Qc2
Bxe2 22. Qxe2 Ne6 23. Rfd1 a5 24. Qc2 g6 25. a4 Qb4 26. Qc3 Qxc3 27. Rxc3 Ra6
28. Bf3 Rb6 29. Kf2 Rb4 30. g4 Rg8 31. Rg1 d4 32. exd4 Rxd4 33. gxf5 gxf5 34.
Rxg8 Kxg8 35. Rc4 Rxf4 36. Rxf4 Nxf4 37. Ke3 Ne6 38. Be2 Kf8 39. Bd3 f4+ 40.
Kf3 Ke7 41. Kg4 f3 42. Kxf3 Nd4+ 43. Kg4 Nxb3 44. Kh5 Nc5 45. Bc2 Ke6 46. Kxh6
Kxe5 47. Kg6 Ne6 48. h4 b5 49. Kf7 Nf4 50. Bd1 bxa4 51. Bxa4 c5 52. Bb3 Kd4 53.
Kf6 c4 54. Bd1 c3 55. Kf5 Ke3 56. Ba4 Nh5 57. Kg5 Ng3 58. Kg4 Ne4 59. Bc2 Nf6+
60. Kf5 Kd2 61. Kxf6 Kxc2 62. h5 Kb1 63. h6 c2 64. h7 c1=Q 65. h8=Q Qc3+ 0-1

[Event "Landesklasse West 2011/2012"]
[Site "?"]
[Date "2011.09.18"]
[Round "1"]
[White "Strauß, Andre"]
[Black "Röder, Detlef"]
[Result "1-0"]
[WhiteElo "1632"]
[BlackElo "1641"]
[PlyCount "71"]
[EventDate "2011.??.??"]
[WhiteTeam "Ilmenauer SV"]
[BlackTeam "SV Schmalkalden 04"]

1. e4 e5 2. Nf3 Nf6 3. Nc3 d6 4. d4 exd4 5. Qxd4 Nc6 6. Bb5 Bd7 7. Bxc6 Bxc6 8.
O-O Be7 9. Nd5 O-O 10. Rb1 Re8 11. b4 Ba4 12. Ne3 Bf8 13. Nd2 Bc6 14. f3 g6 15.
Bb2 Bg7 16. Ng4 Nh5 17. Qe3 Bxb2 18. Rxb2 f5 19. Qb3+ Kg7 20. Qc3+ Nf6 21. b5
Bd7 22. Ne3 Re5 23. Nd5 c6 24. bxc6 Bxc6 25. Nc4 Re6 26. Na5 Bxd5 27. exd5 Re7
28. Rfb1 b6 29. Nc6 Rc7 30. Re1 Qc8 31. Re6 Qf8 32. Rb1 Rf7 33. Rbe1 Kg8 34.
Qd4 Re8 35. Qxf6 Rxf6 36. Rxe8 1-0

[Event "Landesklasse West 2011/2012"]
[Site "?"]
[Date "2011.09.18"]
[Round "1"]
[White "Bötticher, Heinz-Wilfried"]
[Black "Essegern, Kurt"]
[Result "0-1"]
[WhiteElo "1810"]
[BlackElo "1979"]
[PlyCount "126"]
[EventDate "2011.??.??"]
[WhiteTeam "SV Breitenworbis"]
[BlackTeam "Randspringer Bad Salzungen"]

1. d4 Nf6 2. c4 e6 3. Nf3 d5 4. cxd5 exd5 5. Nc3 Be7 6. Bg5 O-O 7. Qc2 c6 8. e3
h6 9. Bh4 Ne4 10. Bxe7 Qxe7 11. Bd3 Re8 12. O-O Nd7 13. Rae1 Nf8 14. Bxe4 dxe4
15. Nd2 b6 16. Qxe4 Qxe4 17. Ncxe4 Ba6 18. Nd6 Red8 19. N6c4 c5 20. b3 cxd4 21.
exd4 Rxd4 22. Re4 Rxe4 23. Nxe4 Bxc4 24. bxc4 Rc8 25. Rc1 Ne6 26. Kf1 Rc6 27.
g4 Nf4 28. Rc3 Ng6 29. f3 Ne5 30. Nd2 b5 31. c5 b4 32. Rc2 a5 33. Ke2 Nd7 34.
Ne4 g6 35. Ke3 f5 36. gxf5 gxf5 37. Nd6 Rxc5 38. Rxc5 Nxc5 39. Nxf5 a4 40. Kd4
a3 41. Ne7+ Kf7 42. Nd5 b3 43. Nc3 Ne6+ 44. Ke5 bxa2 45. Nxa2 Ng5 46. Kf4 Kg6
47. Nc1 Kh5 48. Kg3 Ne6 49. Na2 Kg5 50. Nc1 h5 51. Na2 h4+ 52. Kf2 Kf4 53. Nc1
Nd4 54. Nd3+ Kf5 55. Nc1 Nc2 56. Kg2 Nb4 57. Kh3 Nd3 58. Na2 Kg5 59. Kg2 Ne5
60. Nc1 Kf4 61. Kf2 Nxf3 62. Nd3+ Ke4 63. Nc5+ Kd5 0-1

[Event "Landesklasse West 2011/2012"]
[Site "?"]
[Date "2011.09.18"]
[Round "1"]
[White "Hübschmann, Holger"]
[Black "Klaus, Christian"]
[Result "1/2-1/2"]
[WhiteElo "1915"]
[BlackElo "1940"]
[PlyCount "47"]
[EventDate "2011.??.??"]
[WhiteTeam "Randspringer Bad Salzungen"]
[BlackTeam "SV Breitenworbis"]

1. Nf3 g6 2. g3 Bg7 3. Bg2 d6 4. d4 Nf6 5. O-O O-O 6. c3 Nbd7 7. Qc2 Re8 8. e4
e5 9. Bg5 h6 10. Be3 exd4 11. Nxd4 Nc5 12. f3 a5 13. Qd2 Kh7 14. Na3 Qe7 15.
Rfe1 Bd7 16. Bf2 Ne6 17. Nac2 Nf8 18. Qd3 Rad8 19. Rad1 Ne6 20. Ne3 Nc5 21. Qe2
a4 22. b4 axb3 23. axb3 Ra8 24. Qc2 1/2-1/2

[Event "Landesklasse West 2011/2012"]
[Site "?"]
[Date "2011.09.18"]
[Round "1"]
[White "Gast, Rainer"]
[Black "Schulz, Tilo"]
[Result "1/2-1/2"]
[WhiteElo "1960"]
[BlackElo "1870"]
[PlyCount "22"]
[EventDate "2011.??.??"]
[WhiteTeam "SV Breitenworbis"]
[BlackTeam "Randspringer Bad Salzungen"]

1. d4 Nf6 2. c4 e6 3. Nc3 Bb4 4. e3 b6 5. Bd3 Bb7 6. f3 c5 7. a3 cxd4 8. axb4
dxc3 9. bxc3 O-O 10. e4 d6 11. Qe2 Qc7 1/2-1/2

[Event "Landesklasse West 2011/2012"]
[Site "?"]
[Date "2011.09.18"]
[Round "1"]
[White "Essegern, Uwe"]
[Black "Leibeling, Lucian"]
[Result "1/2-1/2"]
[WhiteElo "1876"]
[BlackElo "1832"]
[PlyCount "28"]
[EventDate "2011.??.??"]
[WhiteTeam "Randspringer Bad Salzungen"]
[BlackTeam "SV Breitenworbis"]

1. e4 c5 2. Nc3 d6 3. f4 g6 4. Nf3 Bg7 5. Bc4 e6 6. O-O Ne7 7. d3 O-O 8. Qe1
Nbc6 9. f5 d5 10. Bb3 exf5 11. exd5 Nd4 12. Bg5 Re8 13. Qh4 Nxb3 14. axb3 h6
1/2-1/2

[Event "Landesklasse West 2011/2012"]
[Site "?"]
[Date "2011.09.18"]
[Round "1"]
[White "Biel, Peter"]
[Black "Roth, Ralf"]
[Result "1/2-1/2"]
[WhiteElo "1672"]
[BlackElo "1843"]
[PlyCount "32"]
[EventDate "2011.??.??"]
[WhiteTeam "SV Breitenworbis"]
[BlackTeam "Randspringer Bad Salzungen"]

1. e4 d6 2. d4 Nf6 3. Nc3 g6 4. Nf3 Bg7 5. Be2 O-O 6. O-O Nc6 7. h3 e5 8. dxe5
dxe5 9. Qxd8 Rxd8 10. Bg5 Re8 11. Bxf6 Bxf6 12. Nd5 Bd8 13. Bb5 Bd7 14. Rfd1
Rc8 15. Nf6+ Bxf6 16. Rxd7 Nb8 1/2-1/2

[Event "Landesklasse West 2011/2012"]
[Site "?"]
[Date "2011.09.18"]
[Round "1"]
[White "Feldmann, Bernd"]
[Black "Bötticher, Andreas"]
[Result "1-0"]
[WhiteElo "1829"]
[BlackElo "1530"]
[PlyCount "53"]
[EventDate "2011.??.??"]
[WhiteTeam "Randspringer Bad Salzungen"]
[BlackTeam "SV Breitenworbis"]

1. d4 Nf6 2. c4 e6 3. Nc3 d5 4. Bg5 Be7 5. Nf3 h6 6. Bh4 b6 7. Ne5 O-O 8. cxd5
Nxd5 9. Bxe7 Qxe7 10. Rc1 Bb7 11. Qc2 c5 12. Nxd5 Bxd5 13. dxc5 Qxc5 14. Qxc5
bxc5 15. b3 Rc8 16. f3 f5 17. e3 a5 18. Bd3 Na6 19. e4 fxe4 20. fxe4 Bb7 21.
O-O Nb4 22. Bc4 Re8 23. a3 Na6 24. Rf7 Bxe4 25. Bxa6 Rxa6 26. Rxc5 Bd5 27. Rcc7
1-0

[Event "Landesklasse West 2011/2012"]
[Site "?"]
[Date "2011.09.18"]
[Round "1"]
[White "Lotze, Andreas"]
[Black "Kunze, Heinz"]
[Result "0-1"]
[WhiteElo "1609"]
[BlackElo "1701"]
[PlyCount "82"]
[EventDate "2011.??.??"]
[WhiteTeam "SV Breitenworbis"]
[BlackTeam "Randspringer Bad Salzungen"]

1. d4 Nf6 2. Nf3 g6 3. c4 Bg7 4. Nc3 d6 5. e4 O-O 6. Be2 Nbd7 7. O-O e5 8. d5
Nc5 9. Nd2 a5 10. f3 a4 11. Ndb1 Nh5 12. Be3 Nf4 13. Kh1 Nxe2 14. Nxe2 b6 15.
Na3 Bd7 16. Nc3 f5 17. Qc2 f4 18. Bg1 g5 19. Nab5 h5 20. Bxc5 bxc5 21. Rf2 g4
22. g3 fxg3 23. hxg3 gxf3 24. Rh2 Bg4 25. Qf2 Qe7 26. Nd1 Rf7 27. Ne3 Qg5 28.
Re1 Bh6 29. Nc3 Bd7 30. Ncd1 Raf8 31. Rg1 Bg4 32. Re1 Rg7 33. Nxg4 Qxg4 34. Rg1
Qxe4 35. Rxh5 Bg5 36. g4 Qxc4 37. Qh2 Qe4 38. Nf2 Qg6 39. Nh3 Be3 40. Nf2 Rf4
41. Qh4 Bxf2 0-1

[Event "Landesklasse West 2011/2012"]
[Site "?"]
[Date "2011.09.18"]
[Round "1"]
[White "Mäurer, Michael"]
[Black "Gast, Benedikt"]
[Result "1/2-1/2"]
[WhiteElo "1643"]
[BlackElo "1500"]
[PlyCount "33"]
[EventDate "2011.??.??"]
[WhiteTeam "Randspringer Bad Salzungen"]
[BlackTeam "SV Breitenworbis"]

1. d4 Nf6 2. f4 d6 3. Nf3 Nbd7 4. Nc3 c6 5. e4 Qc7 6. e5 Nd5 7. Nxd5 cxd5 8.
Bd3 e6 9. O-O Be7 10. c3 O-O 11. Kh1 b6 12. Be3 Bb7 13. g4 dxe5 14. fxe5 f6 15.
Bf4 fxe5 16. Nxe5 Bd6 17. Qe2 1/2-1/2

[Event "Landesklasse West 2011/2012"]
[Site "?"]
[Date "2011.09.18"]
[Round "1"]
[White "Moise, Adrian"]
[Black "Geißhirt, Marco"]
[Result "1/2-1/2"]
[WhiteElo "2169"]
[BlackElo "1823"]
[PlyCount "33"]
[EventDate "2011.??.??"]
[WhiteTeam "SV Ammern"]
[BlackTeam "SG Barchfeld/Breitungen"]

1. g3 Nf6 2. Bg2 c5 3. d3 Nc6 4. e4 d6 5. f4 e5 6. Nf3 exf4 7. Bxf4 d5 8. e5
Nh5 9. Bd2 g6 10. O-O Bg7 11. Nc3 O-O 12. Ng5 Nxe5 13. Nxd5 h6 14. Ne4 Qxd5 15.
Nf6+ Nxf6 16. Bxd5 Nxd5 17. h4 1/2-1/2

[Event "Landesklasse West 2011/2012"]
[Site "?"]
[Date "2011.09.18"]
[Round "1"]
[White "Rommel, Uwe"]
[Black "Dawydow, Alexej"]
[Result "1-0"]
[WhiteElo "1861"]
[BlackElo "1940"]
[PlyCount "175"]
[EventDate "2011.??.??"]
[WhiteTeam "SG Barchfeld/Breitungen"]
[BlackTeam "SV Ammern"]

1. e4 e5 2. Nf3 Nc6 3. Bb5 f5 4. Qe2 Nf6 5. exf5 Be7 6. Bxc6 dxc6 7. Nxe5 O-O
8. Qc4+ Qd5 9. Nc3 Qxc4 10. Nxc4 Bxf5 11. Ne3 Bg6 12. d3 Nd7 13. O-O Nc5 14.
Bd2 Rae8 15. Rae1 Rf7 16. Nc4 Nd7 17. Bg5 Kf8 18. Rxe7 Rfxe7 19. Bxe7+ Rxe7 20.
Na5 Nc5 21. f3 Ke8 22. Kf2 Kd7 23. Re1 Rxe1 24. Kxe1 b6 25. Nc4 Ke6 26. Kd2 Nd7
27. a3 h6 28. Ke3 Nf6 29. Nd2 Nd7 30. Nde4 Ne5 31. h3 Be8 32. Ne2 c5 33. Nf4+
Kd7 34. g4 Bf7 35. Ng3 g6 36. Nfe2 Ke7 37. f4 Nc6 38. f5 g5 39. Ne4 Ne5 40.
N2g3 a6 41. Ne2 Bd5 42. Ng1 Bf7 43. Nf3 Nc6 44. c3 Be8 45. Kf2 Bf7 46. Kg3 Bd5
47. h4 gxh4+ 48. Nxh4 c4 49. Ng6+ Kf7 50. Nf2 cxd3 51. Nxd3 Kf6 52. Kf4 Nd8 53.
Nde5 Bb3 54. Nd7+ Kg7 55. Nge5 Kg8 56. Kg3 Kg7 57. Kh4 Nf7 58. Nxf7 Kxf7 59. g5
hxg5+ 60. Kxg5 Ke7 61. Ne5 Kd6 62. Kf4 b5 63. Nf3 c5 64. Ng5 a5 65. Ne4+ Kc6
66. Ke5 b4 67. Nd6 bxa3 68. bxa3 a4 69. f6 Kd7 70. c4 Bc2 71. f7 Ke7 72. Kd5
Bd1 73. Kxc5 Bf3 74. Kb6 Bg2 75. c5 Bh3 76. c6 Bg4 77. c7 Bd7 78. Ka7 Kxd6 79.
f8=Q+ Kxc7 80. Qc5+ Kd8 81. Qe5 Be8 82. Kb6 Kd7 83. Kc5 Bf7 84. Qd6+ Ke8 85.
Kd4 Bb3 86. Qc7 Kf8 87. Ke5 Kg8 88. Kf6 1-0

[Event "Landesklasse West 2011/2012"]
[Site "?"]
[Date "2011.09.18"]
[Round "1"]
[White "Kampfhenkel, Ulrich"]
[Black "Reum, Lutz"]
[Result "1-0"]
[WhiteElo "2001"]
[BlackElo "1859"]
[PlyCount "119"]
[EventDate "2011.??.??"]
[WhiteTeam "SV Ammern"]
[BlackTeam "SG Barchfeld/Breitungen"]

1. e4 d5 2. exd5 Qxd5 3. Nc3 Qa5 4. d4 c6 5. Bc4 Nf6 6. Nf3 Bf5 7. Ne5 e6 8.
O-O Bb4 9. Ne2 Nbd7 10. Nxd7 Nxd7 11. Ng3 Bg6 12. c3 Bd6 13. Qe2 O-O 14. Ne4
Be7 15. b4 Qc7 16. Bd2 b6 17. Rfe1 Nf6 18. Ng5 Nd5 19. Qf3 h6 20. Ne4 Rfd8 21.
Ng3 Rac8 22. Re2 c5 23. bxc5 bxc5 24. Bxd5 Rxd5 25. Bf4 Bd6 26. Bxd6 Qxd6 27.
dxc5 Rdxc5 28. Rc1 Qc7 29. Re3 Qa5 30. h4 Qa3 31. Rd1 Qxa2 32. h5 Bf5 33. Rd7
a5 34. Qb7 Rf8 35. Qa7 Qa1+ 36. Kh2 Rxc3 37. Nxf5 exf5 38. Ree7 Rc1 39. Qe3
Rh1+ 40. Kg3 Rxh5 41. Re8 Rxe8 42. Qxe8+ Kh7 43. Rxf7 Qc3+ 44. f3 Rg5+ 45. Kh3
Qd2 46. g4 fxg4+ 47. fxg4 Qd3+ 48. Kh4 Qd4 49. Qc8 Qd2 50. Kh3 Qd3+ 51. Kh4 Qg6
52. Rf8 Qe4 53. Rh8+ Kg6 54. Qa6+ Kf7 55. Qf1+ Ke7 56. Qf8+ Ke6 57. Qc8+ Kf6
58. Qd8+ Kf7 59. Qg8+ Kg6 60. Qh7+ 1-0

[Event "Landesklasse West 2011/2012"]
[Site "?"]
[Date "2011.09.18"]
[Round "1"]
[White "Crivellaro, Heiko"]
[Black "Wegerich, Michael"]
[Result "0-1"]
[WhiteElo "1775"]
[BlackElo "1998"]
[PlyCount "126"]
[EventDate "2011.??.??"]
[WhiteTeam "SG Barchfeld/Breitungen"]
[BlackTeam "SV Ammern"]

1. f4 d5 2. Nf3 c5 3. e3 Bg4 4. Be2 Nc6 5. O-O Nf6 6. d3 e6 7. Nbd2 Be7 8. c3
Qc7 9. Qe1 O-O-O 10. d4 Ne4 11. Nxe4 dxe4 12. Nd2 Bxe2 13. Qxe2 cxd4 14. exd4
f5 15. Nc4 h6 16. b4 Bf6 17. Be3 Ne7 18. Rac1 Nd5 19. Bd2 g5 20. g3 gxf4 21.
Bxf4 Nxf4 22. gxf4 Rhg8+ 23. Kh1 Rg4 24. Ne5 Bxe5 25. fxe5 Rdg8 26. Qe3 Qc4 27.
Rf2 Kb8 28. a4 h5 29. a5 h4 30. Rd2 f4 31. Qxe4 Qxc3 32. Rdd1 Qe3 33. Qxe3 fxe3
34. Re1 Rxd4 35. Rxe3 Rxb4 36. Rec3 Rb5 37. Rc5 Rxc5 38. Rxc5 Rg5 39. Rb5 Kc7
40. Rc5+ Kd7 41. h3 b6 42. axb6 axb6 43. Rc4 Rxe5 44. Rxh4 b5 45. Kg2 Kd6 46.
Rh8 b4 47. Rd8+ Kc7 48. Rd3 Rb5 49. Rb3 Kb6 50. h4 Ka5 51. Kg3 Ka4 52. Rb1 b3
53. Ra1+ Kb4 54. Rb1 Ka3 55. Ra1+ Kb2 56. Re1 e5 57. h5 Kc2 58. h6 b2 59. h7
Rb8 60. Re2+ Kc3 61. Re1 Rh8 62. Rh1 Rxh7 63. Rxh7 b1=Q 0-1

[Event "Landesklasse West 2011/2012"]
[Site "?"]
[Date "2011.09.18"]
[Round "1"]
[White "Kurze, Christoph"]
[Black "Heß, Wolfgang"]
[Result "1-0"]
[WhiteElo "1890"]
[BlackElo "1738"]
[PlyCount "61"]
[EventDate "2011.??.??"]
[WhiteTeam "SV Ammern"]
[BlackTeam "SG Barchfeld/Breitungen"]

1. e4 d5 2. exd5 Qxd5 3. Nc3 Qa5 4. d4 c6 5. Nf3 Nf6 6. h3 Qc7 7. Bd3 b6 8. O-O
e6 9. Re1 Be7 10. Ne5 Bd6 11. f4 O-O 12. Ne4 Nxe4 13. Bxe4 Bb7 14. Qh5 g6 15.
Qh4 c5 16. Bxb7 Qxb7 17. f5 exf5 18. Bg5 Re8 19. Nxg6 Nc6 20. Ne5 Nxe5 21. dxe5
Be7 22. Bf6 Bxf6 23. exf6 Kh8 24. Re7 Rxe7 25. fxe7 Re8 26. Qf6+ Kg8 27. Re1
Qd7 28. Re5 Qd4+ 29. Kh1 Qd1+ 30. Kh2 Qxc2 31. Rxf5 1-0

[Event "Landesklasse West 2011/2012"]
[Site "?"]
[Date "2011.09.18"]
[Round "1"]
[White "Abe, Rico"]
[Black "Schorch, Rüdiger"]
[Result "1/2-1/2"]
[WhiteElo "1723"]
[BlackElo "1915"]
[PlyCount "88"]
[EventDate "2011.??.??"]
[WhiteTeam "SG Barchfeld/Breitungen"]
[BlackTeam "SV Ammern"]

1. e4 c5 2. Nf3 Nc6 3. d4 cxd4 4. Nxd4 Nf6 5. Nc3 g6 6. Be3 Bg7 7. f3 O-O 8.
Qd2 d5 9. exd5 Nxd5 10. Nxc6 bxc6 11. Nxd5 Qxd5 12. Qxd5 cxd5 13. O-O-O Rd8 14.
c3 e5 15. Bd3 Be6 16. a3 Rd7 17. Rhe1 Rc7 18. Kb1 Rb8 19. Ka1 Rcb7 20. Rd2 a5
21. Bc5 Rb3 22. Bd6 Re8 23. Bxe5 f6 24. Bd4 Kf7 25. Bc2 Rb7 26. Rde2 Bd7 27.
Rxe8 Bxe8 28. b4 axb4 29. axb4 Bd7 30. Bb3 Be6 31. Kb2 Bh6 32. Ra1 Bf4 33. h3
Bb8 34. Ra5 Rd7 35. Rb5 Be5 36. Ra5 h5 37. Ra7 Bxd4 38. Rxd7+ Bxd7 39. cxd4 Ke6
40. Bc2 g5 41. g4 hxg4 42. hxg4 Bb5 43. Bd1 Kd6 44. Kc3 Kc6 1/2-1/2

[Event "Landesklasse West 2011/2012"]
[Site "?"]
[Date "2011.09.18"]
[Round "1"]
[White "Feigel, Andreas"]
[Black "Kleinsteuber, Erik"]
[Result "1-0"]
[WhiteElo "1753"]
[BlackElo "1624"]
[PlyCount "119"]
[EventDate "2011.??.??"]
[WhiteTeam "SV Ammern"]
[BlackTeam "SG Barchfeld/Breitungen"]

1. Nf3 e6 2. b3 f5 3. Bb2 Nf6 4. e3 Be7 5. Be2 O-O 6. O-O b6 7. c4 Bb7 8. d4
Qe8 9. Nfd2 Qg6 10. Bf3 Ne4 11. Nxe4 Bxe4 12. Bxe4 fxe4 13. Nd2 Bd6 14. Qc2 Rf6
15. Qxe4 Bxh2+ 16. Kxh2 Qh5+ 17. Kg1 Rh6 18. f3 Qh2+ 19. Kf2 Rg6 20. Rg1 Qg3+
21. Ke2 Nc6 22. d5 exd5 23. Qxd5+ Kh8 24. a3 Rd6 25. Qe4 Re6 26. Qg4 Qxg4 27.
fxg4 Rae8 28. e4 Rg6 29. Raf1 Rxg4 30. Rf7 Nb8 31. a4 Kg8 32. Rf2 Nc6 33. Rgf1
h6 34. Bc3 Ne7 35. Bb4 c5 36. Bc3 Ng6 37. Kd1 Nh4 38. Kc1 Rxg2 39. Rxg2 Nxg2
40. Rg1 Ne3 41. Rxg7+ Kf8 42. Rxd7 Re7 43. Rd6 Ng4 44. Rg6 h5 45. Rg5 Rh7 46.
Nf3 Nf2 47. e5 Ne4 48. Rf5+ Ke7 49. Be1 Rf7 50. Bh4+ Ke6 51. Rxf7 Kxf7 52. Ng5+
Nxg5 53. Bxg5 Ke6 54. Bf4 Kf5 55. Bh2 h4 56. Kd2 Kg5 57. Ke3 Kf5 58. Kf3 Kg5
59. Ke4 Kg6 60. Kd5 1-0

[Event "Landesklasse West 2011/2012"]
[Site "?"]
[Date "2011.09.18"]
[Round "1"]
[White "Römhild, Uwe"]
[Black "Hentrich, Jörg"]
[Result "0-1"]
[WhiteElo "1691"]
[BlackElo "1816"]
[PlyCount "32"]
[EventDate "2011.??.??"]
[WhiteTeam "SG Barchfeld/Breitungen"]
[BlackTeam "SV Ammern"]

1. d4 Nf6 2. g3 g6 3. Bg2 Bg7 4. Nf3 d6 5. O-O O-O 6. b3 c5 7. Bb2 Nc6 8. d5
Na5 9. c4 a6 10. Nbd2 b5 11. Qc2 bxc4 12. bxc4 Rb8 13. Rab1 Bf5 14. e4 Nxe4 15.
Nh4 Nxg3 16. Nxf5 Nxf5 0-1

[Event "Landesklasse West 2011/2012"]
[Site "?"]
[Date "2011.09.18"]
[Round "1"]
[White "Minor, Viatcheslav"]
[Black "Kachel, Alfred"]
[Result "1-0"]
[WhiteElo "1970"]
[BlackElo "1965"]
[PlyCount "91"]
[EventDate "2011.??.??"]
[WhiteTeam "SV Wartburgstadt Eisenach"]
[BlackTeam "Schachclub Rochade Leinefelde"]

1. e4 Nf6 2. e5 Nd5 3. d4 d6 4. Nf3 g6 5. Bc4 Nb6 6. Bb3 d5 7. O-O Bg4 8. Bf4
Bg7 9. a4 a5 10. h3 Bxf3 11. Qxf3 O-O 12. Nd2 Na6 13. Qe3 e6 14. Bg5 Qc8 15. c3
c5 16. h4 cxd4 17. cxd4 Qd7 18. Rfe1 Nb4 19. Rec1 Rfc8 20. Rc3 Rc6 21. Rac1
Rac8 22. Nf3 Rxc3 23. bxc3 Na6 24. Nd2 Nxa4 25. c4 Nb2 26. c5 b5 27. Qc3 Nc4
28. Bxc4 dxc4 29. Qxa5 Nc7 30. Be3 f5 31. exf6 Bxf6 32. Ne4 Bxh4 33. Qa7 Qc6
34. Nd6 Ra8 35. Qb6 Qd7 36. Qb7 Ra2 37. g3 Be7 38. Nxb5 Qxb5 39. Qxc7 Kf7 40.
Bg5 Qe8 41. Rxc4 Ra1+ 42. Kg2 Qa8+ 43. c6 Ra7 44. Qf4+ Ke8 45. Bxe7 Rxe7 46.
Qf6 1-0

[Event "Landesklasse West 2011/2012"]
[Site "?"]
[Date "2011.09.18"]
[Round "1"]
[White "Pfitzenreuter, Gerald"]
[Black "Schwarz, Hilmar"]
[Result "1-0"]
[WhiteElo "1939"]
[BlackElo "1783"]
[PlyCount "81"]
[EventDate "2011.??.??"]
[WhiteTeam "Schachclub Rochade Leinefelde"]
[BlackTeam "SV Wartburgstadt Eisenach"]

1. d4 d5 2. c4 e5 3. dxe5 d4 4. Nf3 Nc6 5. g3 Be6 6. Nbd2 Qd7 7. Bg2 Be7 8. a3
Bh3 9. Bxh3 Qxh3 10. Ne4 O-O-O 11. Bg5 Nxe5 12. Nxe5 Qg2 13. Rf1 Qxe4 14. Bxe7
Nxe7 15. Nxf7 d3 16. Nxd8 Rxd8 17. Qd2 Nc6 18. f3 Qe6 19. Kf2 dxe2 20. Qxe2 Qh6
21. Kg1 Rd2 22. Qe8+ Nd8 23. Rf2 Rxf2 24. Kxf2 Qxh2+ 25. Ke3 Qh6+ 26. f4 Qb6+
27. Kf3 Qxb2 28. Re1 Qc3+ 29. Re3 Qxc4 30. Qe5 Qf1+ 31. Kg4 Qd1+ 32. Kh3 Qh1+
33. Kg4 Qd1+ 34. Re2 g6 35. Qe4 Qd7+ 36. Kh4 h5 37. Qxg6 Qd1 38. Qe4 Qd7 39. f5
Qg7 40. Rf2 Qf6+ 41. Kxh5 1-0